LA POBREZA EN LAS GRANDES CIUDADES/

Guardado en:
Bibliografiske detaljer
Andre forfattere: Salvat, Manuel (dirección) (dirección)
Format: Bog
Fag:
Tags: Tilføj Tag
Ingen Tags, Vær først til at tagge denne postø!

MARC

LEADER 00000nam^a2200000^a^4500
001 000225585
005 20250521000000.0
009 20260310104131.699
020 |a 84-345-7369-5 
035 |a 044167 
037 |a Acervo Xavier Clavigero 
082 |a 305. 569  |b POB 
245 1 3 |a LA POBREZA EN LAS GRANDES CIUDADES/  |c DIR. MANUEL SALVAT 
264 |a ESTELLA, NAVARRA :  |b SALVAT,  |c 1975 
300 |a 142p. :  |b retrs. 
336 |a texto  |b txt  |2 rdacontenido 
337 |a sin mediación  |b n  |2 rdamedio 
338 |a volumen  |b nc  |2 rdasoporte 
649 |a XX 
650 |a Pobreza 
700 |a Salvat, Manuel  |e (dirección) 
910 |a Fondo General 
920 |a Impresos - Libros 
930 |a Colección General 
905 |a 101 
901 |a 044167  |b IT1  |c ACC  |i 044167  |u 20250521 
902 |a https://opac.biblio.iteso.mx/vufind/Record/000225585